[Event "Mechanics' Fall TNM; 30/90, SD/30"]
[Site "San Francisco"]
[Date "2014.10.21"]
[Round "1"]
[White "Ayina, Shree"]
[Black "Nyangar, Enkhmaa"]
[Result "1/2-1/2"]
[WhiteElo "1180"]
[BlackElo "1769"]
[Annotator "Donaldson"]
[PlyCount "47"]
[EventDate "2014.??.??"]

1. c4 e5 2. Nc3 Nf6 3. g3 d5 4. cxd5 Nxd5 5. Bg2 c6 6. d4 Bb4 7. Bd2 exd4 8.
Nxd5 Bxd2+ 9. Qxd2 cxd5 10. Qxd4 O-O 11. Qxd5 Qb6 12. Qd2 Rd8 13. Qc1 Nc6 14.
Nf3 Be6 15. O-O Rac8 (15... Rdc8) 16. b3 Qb5 17. e3 (17. Qe3 $14) 17... Ne5 18.
Qa3 Nd3 19. Nd4 Qb6 20. Rfd1 (20. Nxe6 fxe6 21. Qe7 {is winning for White.})
20... Rxd4 21. exd4 Qxd4 22. Rxd3 Qxd3 {
is the score on both player's scoresheets which allows} (22... Qxa1+ 23. Bf1
Bh3 {mating.}) 23. Qxa7 Qc3 24. Rd1 {and the game was eventually drawn.}
1/2-1/2

[Event "Mechanics' Fall TNM; 30/90, SD/30"]
[Site "San Francisco"]
[Date "2014.11.18"]
[Round "4.38"]
[White "Ayinala, Nihar"]
[Black "Borgo, Isaac"]
[Result "1/2-1/2"]
[WhiteElo "1108"]
[BlackElo "1553"]
[PlyCount "156"]
[EventDate "2014.??.??"]

1. c4 e6 2. Nc3 Nf6 3. g3 Bb4 4. e3 Bxc3 5. dxc3 O-O 6. Bg2 c6 7. Ne2 d5 8.
cxd5 exd5 9. O-O Bf5 10. Nd4 Bg6 11. b3 Qb6 12. Ne2 Nbd7 13. Nf4 Bf5 14. Bb2 h6
15. Qd4 Rad8 16. Qxb6 Nxb6 17. Ba3 Rfe8 18. Rfd1 g5 19. Ne2 Be4 20. Bxe4 dxe4
21. Rxd8 Rxd8 22. c4 Rd2 23. Nc3 Nbd7 24. Rd1 Rxd1+ 25. Nxd1 Ng4 26. Nc3 f5 27.
h3 Nge5 28. g4 fxg4 29. hxg4 Nf6 30. Bc5 a6 31. Na4 b5 32. cxb5 axb5 33. Nc3
Nd3 34. Be7 Nd5 35. Nxd5 cxd5 36. a4 bxa4 37. bxa4 Ne5 38. a5 Nc6 39. a6 Na7
40. Bc5 Nb5 41. a7 Nc7 42. Kf1 Kg7 43. Ke1 Kg6 44. Kd2 h5 45. gxh5+ Kxh5 46.
Kc3 Kg4 47. Kb4 Kf3 48. Ka5 Na8 49. Ka6 Kxf2 50. Kb7 g4 51. Kxa8 g3 52. Kb7 g2
53. a8=Q g1=Q 54. Qf8+ Ke2 55. Qd6 Qb1+ 56. Kc7 Qd3 57. Bd4 Qc4+ 58. Qc5 Qa2
59. Kd6 Kd3 60. Qxd5 Qa6+ 61. Ke5 Qg6 62. Qb5+ Kd2 63. Qb2+ Ke1 64. Bc3+ Kf1
65. Qb1+ Ke2 66. Qxe4 Qg7+ 67. Kf4 Qxc3 68. Qf3+ Kd2 69. e4 Qf6+ 70. Kg3 Qg7+
71. Kf2 Qd4+ 72. Kf1 Qa1+ 73. Kg2 Qg7+ 74. Qg3 Qb7 75. Qf2+ Kd3 76. Qf3+ Kd4
77. e5 Qxf3+ 78. Kxf3 Kxe5 1/2-1/2

[Event "Mechanics' Winter TNM; 30/90, SD/30"]
[Site "San Francisco"]
[Date "2014.02.18"]
[Round "7.41"]
[White "Ayinala, Nihar"]
[Black "Cowgill, Jackie"]
[Result "0-1"]
[WhiteElo "537"]
[BlackElo "1040"]
[PlyCount "64"]
[EventDate "2014.??.??"]

1. c4 c5 2. Nc3 Nc6 3. g3 Nf6 4. Bg2 e6 5. e3 d5 6. cxd5 exd5 7. Nge2 Be7 8.
O-O O-O 9. b3 Nb4 10. d3 Rb8 11. a3 Nc6 12. Bb2 d4 13. Na2 Ne5 14. exd4 Ng6 15.
dxc5 Bxc5 16. b4 Bd6 17. Re1 b6 18. Qd2 Bb7 19. Rad1 Bxg2 20. Kxg2 Re8 21. Nf4
Nxf4+ 22. gxf4 Rxe1 23. Rxe1 Qd7 24. Nc3 a6 (24... Qg4+ $19) 25. Ne4 Nxe4 26.
Rxe4 h6 27. Qe3 Qg4+ 28. Kf1 Qg6 29. Re8+ Rxe8 30. Qxe8+ Bf8 31. d4 $2 (31. Qe3
$11) 31... Qb1+ 32. Kg2 Qxb2 0-1

[Event "Mechanics' Whitehead TNM; 30/90, SD/30"]
[Site "San Francisco"]
[Date "2014.08.12"]
[Round "2.32"]
[White "Ayinala, Nihar"]
[Black "Furukawa, Jon"]
[Result "0-1"]
[WhiteElo "841"]
[BlackElo "1531"]
[PlyCount "101"]
[EventDate "2014.??.??"]

1. c4 c5 2. Nc3 Nf6 3. g3 e6 4. Bg2 Nc6 5. e3 Be7 6. Nge2 d5 7. cxd5 exd5 8.
O-O O-O 9. d3 Rb8 10. e4 dxe4 11. Nxe4 Bf5 12. Bf4 Rc8 13. Rc1 Nxe4 14. dxe4
Bg4 15. Qxd8 Rfxd8 16. Nc3 Nd4 17. f3 Be6 18. Rfd1 b6 19. a4 a6 20. Bf1 Nxf3+
21. Kg2 Rxd1 22. Rxd1 Nd4 23. Bxa6 Ra8 24. Bb7 Ra7 25. Bd5 Bf6 26. Bxe6 fxe6
27. Nb5 Rxa4 28. Nxd4 Bxd4 29. b3 Ra2+ 30. Kh1 e5 31. Rd2 Ra1+ 32. Kg2 exf4 33.
b4 fxg3 34. hxg3 Re1 35. Kf3 Re3+ 36. Kf4 Rb3 37. bxc5 Be3+ 38. Ke5 Bxd2 39. c6
Rc3 40. Kd6 Be1 41. c7 Bxg3+ 42. Kd7 Rxc7+ 43. Ke8 Rc8+ 44. Ke7 b5 45. Kd7 Rb8
46. Kc6 b4 47. Kc5 b3 48. Kc4 b2 49. Kd4 b1=Q 50. e5 Rd8+ 51. Kc5 0-1

[Event "Mechanics' Fall TNM; 30/90, SD/30"]
[Site "San Francisco"]
[Date "2014.11.25"]
[Round "5.30"]
[White "Ayinala, Nihar"]
[Black "Hack, Richard"]
[Result "0-1"]
[WhiteElo "1108"]
[BlackElo "1664"]
[PlyCount "48"]
[EventDate "2014.??.??"]

1. c4 f5 2. Nc3 Nf6 3. g3 g6 4. Bg2 Bg7 5. e3 d6 6. Nge2 c6 7. O-O O-O 8. b3
Na6 9. Bb2 Nc5 10. d4 Nce4 11. Nxe4 fxe4 12. Nc3 d5 13. cxd5 cxd5 14. Qd2 Bf5
15. f3 Qd7 16. fxe4 dxe4 17. Qc2 Bh6 18. Nxe4 Bxe3+ 19. Kh1 Rac8 20. Nxf6+ exf6
21. Qe2 Rfe8 22. Qf3 Be4 23. Qe2 Rc2 24. Qe1 Bxg2# 0-1

[Event "Mechanics' Fall TNM; 30/90, SD/30"]
[Site "San Francisco"]
[Date "2014.12.16"]
[Round "8.41"]
[White "Ayinala, Nihar"]
[Black "Henriques, Keith"]
[Result "1-0"]
[WhiteElo "1108"]
[BlackElo "267"]
[Annotator "Donaldson"]
[PlyCount "53"]
[EventDate "2014.??.??"]

1. c4 e5 2. Nc3 Nc6 3. g3 f6 4. Bg2 Bd6 5. e3 Nge7 6. Nge2 O-O 7. O-O Ng6 8. b3
a6 9. Bb2 h6 10. d4 exd4 11. exd4 Re8 12. Bd5+ Kh8 13. Be4 Nge7 14. Nd5 Nxd5
15. Bxd5 Nb4 16. Qd2 a5 17. Nf4 Bxf4 18. Qxf4 g5 19. Qf5 Nxd5 20. Qxd5 c6 21.
Qf5 d6 22. Qf3 Kg7 23. Rae1 Rxe1 24. Rxe1 Bd7 25. d5 $1 Qc7 $4 (25... Qf8 26.
h4 gxh4 27. Re4 {with Rf4 leads to a winning attack.}) 26. Qxf6+ Kh7 27. Qg7#
1-0

[Event "Mechanics' Whitehead TNM; 30/90, SD/30"]
[Site "San Francisco"]
[Date "2014.08.19"]
[Round "3.35"]
[White "Ayinala, Nihar"]
[Black "McKellar, Daniel"]
[Result "0-1"]
[WhiteElo "841"]
[BlackElo "1504"]
[PlyCount "82"]
[EventDate "2014.??.??"]

1. c4 Nf6 2. Nc3 g6 3. g3 Bg7 4. Bg2 O-O 5. Nf3 d6 6. d3 c6 7. Qd2 Nbd7 8. b3
e5 9. Bb2 Ne8 10. O-O Nc7 11. Nd1 Re8 12. d4 Ne6 13. d5 Nc7 14. Ne3 Nc5 15. Ne1
Bd7 16. dxc6 Bxc6 17. Nd5 Nxd5 18. cxd5 Bb5 19. a4 Ba6 20. Qd1 Qb6 21. Ra3 Bc4
22. bxc4 Qxb2 23. Qa1 Qxe2 24. Qa2 Qxa2 25. Rxa2 Rac8 26. Bh3 f5 27. g4 f4 28.
g5 Rc7 29. Nc2 Ne4 30. Be6+ Kf8 31. Na3 Nxg5 32. Nb5 Nxe6 33. Nxc7 Nxc7 34. Rc2
Na6 35. Rb1 Nc5 36. a5 h5 37. Rcb2 Rb8 38. a6 b6 39. Ra1 e4 40. Kg2 Bxb2 41.
Rb1 Bd4 0-1

[Event "Mechanics' Whitehead TNM; 30/90, SD/30"]
[Site "San Francisco"]
[Date "2014.09.09"]
[Round "6.31"]
[White "Ayinala, Nihar"]
[Black "Paquette, James"]
[Result "0-1"]
[WhiteElo "841"]
[BlackElo "1320"]
[PlyCount "34"]
[EventDate "2014.??.??"]

1. c4 e5 2. Nc3 Nc6 3. g3 Nf6 4. Bg2 Bc5 5. e3 O-O 6. Nge2 d6 7. O-O Bg4 8. f3
Bh5 9. f4 Re8 10. b3 Qd7 11. Bb2 Rad8 12. Nd5 Nxd5 13. cxd5 Nb4 14. Re1 Nd3 15.
Rf1 Nxb2 16. Qe1 Nd3 17. Qb1 Bxe2 0-1

[Event "Mechanics' Winter TNM; 30/90, SD/30"]
[Site "San Francisco"]
[Date "2014.02.04"]
[Round "5.42"]
[White "Ayinala, Nihar"]
[Black "Zulkhuu, Jamyandagva"]
[Result "1-0"]
[WhiteElo "537"]
[BlackElo "908"]
[PlyCount "55"]
[EventDate "2014.??.??"]

1. e4 e5 2. Nf3 Nc6 3. Nc3 Nf6 4. Bc4 g6 5. Ng5 Qe7 6. Bxf7+ Kd8 7. Bc4 d6 8.
Nf7+ Kd7 9. Nxh8 Nd4 10. O-O b5 11. Nxb5 Nxb5 12. Bxb5+ c6 13. Bc4 Kc7 14. Nf7
Bg4 15. f3 Be6 16. Bxe6 Qxe6 17. Ng5 Qe7 18. f4 h6 19. fxe5 hxg5 20. exf6 Qxe4
21. a3 Qd4+ 22. Kh1 d5 23. c3 Qe5 24. d4 Qd6 25. Bxg5 Qd7 26. h3 Kb7 27. Qg4
Qd6 28. Qf4 {Remaining moves unavailable.} 1-0

[Event "Mechanics' Fall TNM; 30/90, SD/30"]
[Site "San Francisco"]
[Date "2014.11.18"]
[Round "4.25"]
[White "Ayinala, Sankar"]
[Black "Lamstein, Joshua"]
[Result "0-1"]
[WhiteElo "823"]
[BlackElo "1348"]
[Annotator "Donaldson"]
[PlyCount "64"]
[EventDate "2014.??.??"]

1. c4 c6 2. Nc3 d5 3. e3 Bf5 4. g3 e6 5. Bg2 dxc4 6. Nge2 Bd3 7. O-O Nf6 8. Re1
Nbd7 9. b4 Bxb4 10. Nf4 Ne5 11. Nxd3 Nxd3 12. Re2 Qa5 13. Rb1 Rb8 14. a3 Bxc3
15. Bxc6+ Ke7 16. Bxb7 Be5 17. Qc2 Qc7 18. Ba6 Rxb1 19. Qxb1 Qc6 20. Bb7 Rb8
21. Bxc6 Rxb1 22. Kg2 Rxc1 23. Bb5 Ne4 24. f4 Bc7 25. Kf3 f5 26. h3 Ba5 27. g4
Nxd2+ 28. Kg3 Rg1+ 29. Kh4 Nf3+ 30. Kh5 Rg3 31. gxf5 exf5 32. h4 Rg4 0-1

[Event "Mechanics' Fall TNM; 30/90, SD/30"]
[Site "San Francisco"]
[Date "2014.12.09"]
[Round "7.40"]
[White "Ayinala, Shree"]
[Black "Borgo, Seth"]
[Result "1/2-1/2"]
[WhiteElo "1180"]
[BlackElo "1150"]
[PlyCount "44"]
[EventDate "2014.??.??"]

1. c4 e5 2. Nc3 Nc6 3. d3 Nf6 4. g3 d5 5. cxd5 Nxd5 6. Bg2 Bb4 7. Bd2 Be6 8. a3
Bxc3 9. bxc3 O-O 10. Nf3 Nde7 11. O-O Qd7 12. c4 Bh3 13. Re1 Bxg2 14. Kxg2 Rac8
15. Bc3 Rfe8 16. Nxe5 Nxe5 17. Bxe5 Ng6 18. Bc3 Qg4 19. e3 Qd7 20. d4 Qc6+ 21.
Kg1 Qxc4 22. Rc1 Qd5 1/2-1/2

[Event "Mechanics' Fall TNM; 30/90, SD/30"]
[Site "San Francisco"]
[Date "2014.11.04"]
[Round "3.39"]
[White "Ayinala, Shree"]
[Black "Donnelly, Patrick Thomas"]
[Result "0-1"]
[WhiteElo "1180"]
[BlackElo "1659"]
[PlyCount "60"]
[EventDate "2014.??.??"]

1. c4 e5 2. Nc3 Nf6 3. g3 Nc6 4. Bg2 Bc5 5. e3 O-O 6. Nge2 d6 7. O-O Be6 $2 8.
d4 $1 Bb6 9. d5 Na5 10. dxe6 fxe6 11. b3 Nc6 12. Bb2 Qe7 13. a3 Rad8 14. Qc2 d5
15. cxd5 exd5 16. Rad1 Qf7 17. Qd2 Ne7 18. Qc2 Rd6 19. b4 Rfd8 20. Qb1 Qh5 21.
Rfe1 c6 22. e4 Bxf2+ 23. Kxf2 Ng4+ 24. Kg1 Qxh2+ 25. Kf1 Rf8+ 26. Nf4 Rxf4+ 27.
gxf4 Qxf4+ 28. Kg1 Qf2+ 29. Kh1 Rh6+ 30. Bh3 Rxh3# 0-1

[Event "Mechanics' Whitehead TNM; 30/90, SD/30"]
[Site "San Francisco"]
[Date "2014.08.12"]
[Round "2.30"]
[White "Ayinala, Shree"]
[Black "Hack, Richard"]
[Result "0-1"]
[WhiteElo "962"]
[BlackElo "1570"]
[PlyCount "52"]
[EventDate "2014.??.??"]

1. c4 f5 2. Nc3 g6 3. g3 Bg7 4. Bg2 Nf6 5. e3 O-O 6. Nge2 Nc6 7. O-O d6 8. d4
Bd7 9. Bd2 Rb8 10. b3 a6 11. a4 Qe8 12. Rb1 e5 13. h3 e4 14. Na2 g5 15. f3 Qg6
16. fxe4 fxe4 17. Qc2 Rbe8 18. g4 h5 19. Bf3 hxg4 20. hxg4 Bxg4 21. Rf2 Bxf3
22. Rxf3 Qh5 23. Rf2 Ng4 24. Rg2 Rf3 25. Rf1 Rh3 26. Ng3 Rxg3 0-1

[Event "Mechanics' Whitehead TNM; 30/90, SD/30"]
[Site "San Francisco"]
[Date "2014.09.30"]
[Round "9.29"]
[White "Ayinala, Shree"]
[Black "Olson, David"]
[Result "0-1"]
[WhiteElo "962"]
[BlackElo "1407"]
[PlyCount "74"]
[EventDate "2014.??.??"]

1. c4 c5 2. Nc3 Nc6 3. g3 g6 4. Bg2 Bg7 5. Nf3 Nf6 6. O-O O-O 7. d3 d5 8. cxd5
Nxd5 9. Bd2 e6 10. a3 a6 11. Nxd5 exd5 12. Rb1 a5 13. Qc1 b6 14. Re1 Re8 15.
Bc3 d4 16. Bd2 f6 17. h4 Ra7 18. Nh2 Ne5 19. Bf4 Rae7 20. Bxe5 fxe5 21. b4 cxb4
22. axb4 Rc7 23. Qb2 a4 24. Qa2+ Kh8 25. Qxa4 Re6 26. Rbc1 Rc3 27. Rxc3 dxc3
28. Qc2 Qd4 29. Nf3 Qxb4 30. Rc1 e4 31. dxe4 Qxe4 32. Qxe4 Rxe4 33. e3 Rc4 34.
Ng5 Bf6 35. f4 Bxg5 36. hxg5 b5 37. Bf1 Rc5 0-1

[Event "Mechanics' Whitehead TNM; 30/90, SD/30"]
[Site "San Francisco"]
[Date "2014.09.09"]
[Round "6.24"]
[White "Ayinala, Shree"]
[Black "Sherwood, Peter"]
[Result "0-1"]
[WhiteElo "962"]
[BlackElo "1722"]
[Annotator "Donaldson"]
[PlyCount "126"]
[EventDate "2014.??.??"]

1. c4 Nf6 2. Nc3 g6 3. g3 Bg7 4. Bg2 Nc6 5. e3 d6 6. Nge2 e5 7. O-O O-O 8. d4
exd4 9. exd4 Bf5 10. a3 Qd7 11. Nf4 {
White stops the trade of bishops via ... Bh3} (11. b4 {
was the alternative course of action and more natural.}) 11... Rfe8 {
Logical. Black should be aiming for ...Ne4 activating his pieces.} 12. Nfd5 {
The text drops a pawn and} (12. Be3 Na5 13. b3 Ng4 {
is not comfortable for White either.}) (12. b4 {runs into a tactical trick:}
Nxd4 $1 13. Qxd4 Ne4) 12... Rab8 (12... Nxd5 {
wins a pawn which ever way White recaptures.} 13. Nxd5 (13. cxd5 Nxd4) 13...
Nxd4) 13. Nxf6+ Bxf6 14. Nd5 (14. Be3 {was necessary.}) 14... Bg7 (14... Bxd4
15. Qxd4 Nxd4 16. Nf6+ Kg7 17. Nxd7 Bxd7 {leaves Black a healthy pawn up.}) 15.
Be3 Ne7 (15... Na5 $1 {exploits the lack of coordination in White's forces:}
16. b3 c6 17. Nc3 c5 {
- the threats of ...Bg4 and ...Nc6 are unpleasant to meet.}) 16. Nc3 a6 17. c5
d5 18. b4 Bh3 19. Re1 Bxg2 20. Kxg2 Nf5 21. Qd2 Re6 (21... h5 {
with the idea of ...h4 is another plan.}) 22. Bf4 $2 Rbe8 (22... Nxd4 {
wins an important pawn.}) 23. Rxe6 Rxe6 (23... Qxe6 {
with an ironclad grip on the e-file.}) 24. Be3 c6 25. Re1 Qe8 (25... Bxd4 26.
Bxd4 Rxe1 27. Qxe1 Nxd4 $17) 26. h4 Bxd4 $1 27. Nd1 Nxe3+ 28. Nxe3 Bg7 29. Nc2
Rxe1 (29... Re4 $5 {was also worthy of consideration.}) 30. Nxe1 Qe4+ 31. f3
Qd4 $6 ({Because White's king is vulnerable} 31... Qc4 {makes a great deal of
sense. White will be hard-pressed to answer the threats to his king and
queenside pawns not to mention the passed d-pawn. The endgame is no picnic for
White but at least she has the advantage that her king is closer to the action.
}) 32. Qxd4 Bxd4 33. Nc2 Bb2 34. Kf2 Kg7 35. Ke3 Kf6 36. a4 Ke5 37. f4+ Kf5 38.
Kf3 Bc3 (38... h5 39. Ne1 Bc3 40. Nd3 d4 41. Kf2 Ke4 {
was another way to get the job done.}) 39. g4+ Ke6 40. Ke3 Bf6 41. a5 Bxh4 42.
Nd4+ Kd7 43. f5 Bf6 44. Nc2 h5 $1 {The passed h-pawn is a terrible problem for
White's knight and king to deal with.} 45. Kf3 h4 46. Kg2 g5 (46... gxf5 47.
gxf5 Bc3 48. Kh3 (48. Kf3 d4 49. Ke4 h3) 48... d4 49. Kxh4 d3 50. Ne3 Bxb4 {
is another way to get the job done.}) 47. Ne1 Ke7 48. Nd3 Bc3 49. Kh3 Kf6 50.
Kg2 {Diagram # draw offer} Bxb4 {At this point the only winning try due to the
closed nature of the position., but it should get the job done.} 51. Nxb4 Ke5 {
Black's king enters the position with deadly effect.} 52. Kf3 Kd4 53. Nc2+ Kxc5
54. f6 Kd6 (54... b5 $1 55. axb6 Kxb6) ({The straightforward} 54... d4 {
also wins easily. From here on out Black has several routes to victory.}) 55.
Nd4 c5 56. Nf5+ Ke6 (56... Ke5 $142) 57. Ke3 Ke5 58. Kf3 d4 59. Ke2 c4 60. Kf3
c3 61. Ke2 h3 62. Kf3 (62. Ng3 h2 63. Kd3 Kf4 64. Ne2+ Kxg4) 62... c2 63. Ke2
c1=Q 0-1

[Event "Mechanics' Winter TNM; 30/90, SD/30"]
[Site "San Francisco"]
[Date "2014.02.04"]
[Round "5.41"]
[White "Ayinala, Shreenidhi"]
[Black "McCarty-Snead, Fianna"]
[Result "0-1"]
[WhiteElo "760"]
[BlackElo "473"]
[PlyCount "30"]
[EventDate "2014.??.??"]

1. e4 e5 2. Nf3 Nc6 3. Nc3 Bc5 4. Bc4 Nf6 5. d3 Ng4 6. O-O d6 7. Ng5 Bb6 8.
Nxf7 Qh4 9. h3 Bxf2+ 10. Rxf2 Qxf2+ 11. Kh1 Qg3 12. Kg1 Qh2+ 13. Kf1 Nd4 14.
Ke1 Qg1+ 15. Kd2 Qe3# 0-1

[Event "Mechanics' Winter TNM; 30/90, SD/30"]
[Site "San Francisco"]
[Date "2014.01.21"]
[Round "3.35"]
[White "Ayinala, Shreenidhi"]
[Black "Reyes, Robert"]
[Result "0-1"]
[WhiteElo "760"]
[BlackElo "1318"]
[PlyCount "20"]
[EventDate "2014.??.??"]

1. e4 Nf6 2. Nc3 Nc6 3. d4 e6 4. Nf3 d5 5. exd5 exd5 6. Be2 Be7 7. O-O O-O 8.
h3 Bf5 9. Re1 Nb4 10. a3 Nxc2 0-1

[Event "Mechanics' Winter TNM; 30/90, SD/30"]
[Site "San Francisco"]
[Date "2014.01.07"]
[Round "1.26"]
[White "Bacheitz, Martin"]
[Black "Ayinala, Shreenidhi"]
[Result "1-0"]
[WhiteElo "1717"]
[BlackElo "760"]
[PlyCount "67"]
[EventDate "2014.??.??"]

1. e4 e5 2. Nf3 Nc6 3. Bb5 Nf6 4. O-O Bc5 5. Bxc6 dxc6 6. Nxe5 Be6 7. Nd3 Bb6
8. Nf4 Bg4 9. Qe1 O-O 10. h3 Bd7 11. c3 Re8 12. e5 h6 13. d4 c5 14. Be3 Nd5 15.
Nxd5 Ba5 16. Nd2 c6 17. Nf4 cxd4 18. Bxd4 f6 19. Qe4 c5 20. Bxc5 Rxe5 21. Qc4+
Kh8 22. Ng6+ Kh7 23. Nxe5 Rc8 24. Qd3+ Kg8 25. Qd5+ Kh7 26. Nxd7 Rc7 27. Nf8+
Qxf8 28. Bxf8 Bb6 29. Rae1 Rc8 30. Qf5+ Kg8 31. Qxc8 Kh7 32. Qd7 Kg6 33. Qxg7+
Kf5 34. Qg4# 1-0

[Event "Mechanics' Winter TNM; 30/90, SD/30"]
[Site "San Francisco"]
[Date "2014.01.28"]
[Round "4.12"]
[White "Bacheitz, Martin"]
[Black "Todortsev, Victor"]
[Result "1-0"]
[WhiteElo "1717"]
[BlackElo "1951"]
[PlyCount "110"]
[EventDate "2014.??.??"]

1. e4 c5 2. Nc3 Nc6 3. f4 e6 4. Nf3 d5 5. e5 f5 6. Bb5 a6 7. Bxc6+ bxc6 8. d3
Ne7 9. Bd2 Ng6 10. Na4 Be7 11. Qe2 O-O 12. O-O-O a5 13. c4 Qc7 14. h4 Rd8 15.
h5 Nf8 16. Be3 Nd7 17. Bf2 Rb8 18. b3 d4 19. Bh4 Nb6 20. Nb2 Bxh4 21. Rxh4 a4
22. bxa4 Ra8 23. Qc2 Qa7 24. Rd2 Bd7 25. g4 h6 26. g5 Kh7 27. g6+ Kg8 28. Rhh2
Rdb8 29. Ne1 Kf8 30. Qd1 Qa5 31. Qc2 Qb4 32. Rde2 Ke7 33. Qb3 Nxa4 34. Qxb4
cxb4 35. Nxa4 Rxa4 36. Rb2 c5 37. Nc2 Bc6 38. Rf2 Ra7 39. Na1 Ba4 40. Nb3 Bxb3
41. Rxb3 Ra3 42. Kb2 Rba8 43. Rxa3 Rxa3 44. Rd2 Rc3 45. Kb1 Kd7 46. Kb2 Kc7 47.
Kb1 Kb6 48. Kb2 Ka5 49. Kb1 Ka4 50. Kb2 Ra3 51. Kb1 b3 52. Rb2 Kb4 53. axb3 Kc3
54. b4 cxb4 55. c5 Kxd3 {White won on time.} 1-0

[Event "Mechanics' Winter TNM; 30/90, SD/30"]
[Site "San Francisco"]
[Date "2014.01.14"]
[Round "2.32"]
[White "Baran, Nicholas"]
[Black "Furukawa, Jon"]
[Result "0-1"]
[WhiteElo "1234"]
[BlackElo "1533"]
[PlyCount "78"]
[EventDate "2014.??.??"]

1. e4 e5 2. Nf3 Nc6 3. b3 Nf6 4. d3 Bb4+ 5. Nbd2 Bc3 6. Rb1 O-O 7. Bb2 Bxb2 8.
Rxb2 d6 9. Be2 h6 10. O-O Be6 11. h3 d5 12. exd5 Nxd5 13. Ne4 Qe7 14. d4 Rad8
15. Qd2 Nf4 16. Nxe5 Nxe2+ 17. Qxe2 Nxd4 18. Qe3 Bf5 19. Ng3 Rfe8 20. Nc4 Qf6
21. Qc1 Be4 22. Re1 Nf3+ 23. gxf3 Qxf3 24. Nxe4 Rxe4 25. Rxe4 Rd1+ 26. Qxd1
Qxd1+ 27. Kg2 Qd5 28. f3 b5 29. Ne3 Qd2+ 30. Kg3 Qc1 31. Re8+ Kh7 32. Nd5 c6
33. Nb4 Qxb2 34. Nxc6 Qxc2 35. Nxa7 Qc7+ 36. f4 Qxa7 37. a4 bxa4 38. bxa4 Qxa4
39. Re7 Qa3+ 0-1

[Event "Mechanics' Winter TNM; 30/90, SD/30"]
[Site "San Francisco"]
[Date "2014.01.07"]
[Round "1.22"]
[White "Baran, Nicholas"]
[Black "Sherwood, Peter"]
[Result "0-1"]
[WhiteElo "1234"]
[BlackElo "1808"]
[PlyCount "54"]
[EventDate "2014.??.??"]

1. e4 c5 2. Bc4 e6 3. Nf3 Nc6 4. c3 Nf6 5. d3 d6 6. Bg5 Be7 7. O-O O-O 8. Re1
Qc7 9. h3 a6 10. d4 cxd4 11. cxd4 b5 12. Bb3 Bb7 13. Nbd2 Rac8 14. Rc1 Qb8 15.
a3 Rfe8 16. d5 exd5 17. exd5 Ne5 18. Nxe5 dxe5 19. Bxf6 Bxf6 20. Nf3 Rxc1 21.
Qxc1 Qd6 22. Nd4 Bxd5 23. Bxd5 Qxd5 24. Nf5 Rd8 25. b4 Qd7 26. Ne3 Bg5 27. g3
Qxh3 0-1

[Event "Mechanics' Fall TNM; 30/90, SD/30"]
[Site "San Francisco"]
[Date "2014.11.18"]
[Round "4.40"]
[White "Bayaraa, Bekhtur"]
[Black "Aquino, Pat"]
[Result "1-0"]
[WhiteElo "1798"]
[BlackElo "1609"]
[PlyCount "79"]
[EventDate "2014.??.??"]

1. e4 d5 2. exd5 Qxd5 3. Nc3 Qa5 4. Nf3 Nf6 5. Be2 Bg4 6. O-O c6 7. h3 Bh5 8.
g4 Bg6 9. d4 e6 10. Ne5 Bd6 11. Bf4 Qc7 12. Bf3 Nbd7 13. Qe2 O-O-O 14. a4 Rde8
15. a5 a6 16. Na4 Kb8 17. Nb6 Bxe5 18. dxe5 Nd5 19. Nxd5 exd5 20. Ra3 Nxe5 21.
Bg2 Ka8 22. Rb3 Qe7 23. Re1 f6 24. Bd2 Qd7 25. Be3 Re7 26. Bc5 Re6 27. Re3 Rhe8
28. b3 d4 29. Rd1 d3 30. cxd3 Bxd3 31. Rdxd3 Nxd3 32. Qxd3 Qxd3 33. Rxd3 Rc8
34. Rc3 Rd8 35. Bb6 Rd2 36. Bf3 h6 37. Kg2 Re8 38. Rxc6 Rf8 39. Rc7 Rb8 40.
Rxg7 1-0

[Event "Mechanics' Winter TNM; 30/90, SD/30"]
[Site "San Francisco"]
[Date "2014.01.21"]
[Round "3.16"]
[White "Bayaraa, Bekhtur"]
[Black "James, Charles"]
[Result "1-0"]
[WhiteElo "1818"]
[BlackElo "1529"]
[PlyCount "71"]
[EventDate "2014.??.??"]

1. e4 e6 2. d4 d5 3. exd5 exd5 4. Be2 Nf6 5. Nf3 Bd6 6. O-O O-O 7. Nc3 c6 8.
Bg5 Be6 9. Ne5 Nbd7 10. f4 Bf5 11. g4 Be4 12. Nxe4 dxe4 13. Bc4 Qc7 14. Bb3 Nd5
15. Nxd7 Qxd7 16. f5 Rae8 17. c4 e3 18. Qe2 h6 19. Bxh6 gxh6 20. cxd5 Kh7 21.
f6 Rg8 22. Bc2+ Kh8 23. h3 Bg3 24. Rf5 Bf2+ 25. Kg2 Qd6 26. Qf3 Bh4 27. Rh5
Qxf6 28. Qxf6+ Bxf6 29. Rxh6+ Kg7 30. Rh7+ Kf8 31. Rf1 Bg7 32. Bg6 Re7 33. d6
Rd7 34. Rf3 Bxd4 35. Bxf7 Rg5 36. Be6+ 1-0

[Event "Mechanics' Winter TNM; 30/90, SD/30"]
[Site "San Francisco"]
[Date "2014.01.07"]
[Round "1.21"]
[White "Bayaraa, Bekhtur"]
[Black "Schlosberg, Max"]
[Result "1-0"]
[WhiteElo "1818"]
[BlackElo "1267"]
[Annotator "Donaldson"]
[PlyCount "83"]
[EventDate "2014.??.??"]

1. e4 e5 2. Nf3 Nc6 3. d4 exd4 4. Nxd4 Nf6 5. Nc3 Bb4 6. Bg5 h6 7. Nxc6 bxc6 8.
Bd2 d6 9. a3 Ba5 10. Be2 Be6 11. b4 Bb6 12. O-O O-O 13. Kh1 Qd7 14. f3 a5 15.
Na4 axb4 16. axb4 Bd4 17. c3 Bb6 18. Bf4 Nh5 19. Bxd6 Qxd6 20. Qxd6 cxd6 21.
Nxb6 Rab8 22. Ra6 Nf4 23. Bc4 $2 {Diagram #} (23. Re1 $16) 23... Bxc4 $4 (23...
Rxb6 $1 24. Rxb6 Bxc4 $15) 24. Nxc4 c5 25. Nb6 Rb7 26. Nd5 Nd3 27. Rxd6 cxb4
28. cxb4 Nxb4 29. Nxb4 Rxb4 30. h4 Rb5 31. Kh2 f5 32. Rd5 Rxd5 33. exd5 Rd8 34.
Rd1 Kf7 35. h5 Kf6 36. Kg3 Rd7 37. Kf4 Rd6 38. Rd2 Rd7 39. g3 Rd6 40. Rd3 Rd7
41. Ke3 Ke5 42. f4+ {remainder illegible} 1-0

[Event "Mechanics' Winter TNM; 30/90, SD/30"]
[Site "San Francisco"]
[Date "2014.01.28"]
[Round "4.7"]
[White "Bayaraa, Bekhtur"]
[Black "Winslow, Elliott"]
[Result "1-0"]
[WhiteElo "1818"]
[BlackElo "2281"]
[Annotator "Donaldson"]
[PlyCount "65"]
[EventDate "2014.??.??"]

1. e4 c5 2. Nf3 d6 3. d4 cxd4 4. Nxd4 Nf6 5. Nc3 a6 6. Be2 e6 7. O-O Be7 8. Kh1
O-O 9. f4 Nc6 10. Nxc6 bxc6 11. e5 dxe5 12. fxe5 Nd7 13. Qd4 Qc7 14. Bf4 c5 15.
Qe3 Nb6 16. Qg3 Kh8 17. Ne4 Bb7 18. Nf6 Nd5 19. Nh5 Rg8 20. Bd2 f5 21. exf6
gxf6 22. Qxc7 Nxc7 23. Bf3 Bxf3 24. Rxf3 Rgf8 25. Raf1 Ne8 26. Bc3 Rd8 27. g4
Kg8 28. Nxf6+ Bxf6 29. Bxf6 Rd2 30. Be7 Rxf3 31. Rxf3 Nc7 (31... Rxc2 {
was Black's chance to fight for a draw.}) 32. Bg5 Rxc2 33. Bh6 1-0